000
00269nam a22000977a 4500
008
250719b |||||||| |||| 00| 0 eng d
020
_a
9789362390547
100
_a
Oswaal
_9
7599
245
_a
Oswaal CBSE Question Paper-X (Social Science)
260
_a
New Delhi
_b
Oswaal
_c
2025
999
_c
12789
_d
12789